[Event "Moscow op-F 14th"]
[Site "Moscow"]
[Date "2018.02.02"]
[Round "8"]
[White "Kasparov, Aram"]
[Black "Platonov, Dmitriy"]
[Result "1-0"]
[WhiteElo "1986"]
[BlackElo "2190"]
[PlyCount "87"]
[EventDate "2018.01.26"]
[EventType "swiss"]
[EventRounds "9"]
[EventCountry "RUS"]
[SourceTitle "CBM 182 Extra"]
[Source "ChessBase"]
[SourceDate "2018.02.23"]
[SourceVersion "1"]
[SourceVersionDate "2018.02.23"]
[SourceQuality "1"]

1. e4 c5 2. Nf3 e6 3. d4 cxd4 4. Nxd4 a6 5. Bd3 Qc7 6. 0-0 Nf6 7. Qe2 d6 8. c4 Nbd7 9. Nc3 Ne5 10. Kh1 Be7 11. Bg5 0-0 12. f4 Nxd3 13. Qxd3 b6 14. f5 Bd7 15. b3 Qc5 16. Be3 Qc7 17. h3 Rac8 18. Rac1 Qb7 19. a4 e5 20. Nde2 b5 21. axb5 axb5 22. Nd5 Nxd5 23. exd5 bxc4 24. bxc4 f6 25. Ng3 Qa6 26. Rc3 Rc7 27. Rfc1 Rb8 28. Ra3 Ba4 29. Rca1 Rxc4 30. Rxa4 Rc1+ 31. Bxc1 Qxd3 32. Kh2 Qxd5 33. Rg4 Kf7 34. Nh5 g6 35. Ng3 g5 36. Rga4 Qc6 37. Ra6 Qc7 38. Ba3 Rb6 39. Ra8 Qb7 40. Bc1 Qd7 41. Rh8 Kg7 42. Raa8 Kh6 43. Rag8 Rb8 44. Rg6# 1-0

[Event "Moscow op-F 13th"]
[Site "Moscow"]
[Date "2017.01.31"]
[Round "5"]
[White "Nikologorskiy, Konstantin"]
[Black "Platonov, Dmitriy"]
[Result "1-0"]
[WhiteElo "2416"]
[BlackElo "2109"]
[PlyCount "59"]
[EventDate "2017.01.27"]
[EventType "swiss"]
[EventRounds "9"]
[EventCountry "RUS"]
[SourceTitle "CBM 176 Extra"]
[Source "ChessBase"]
[SourceDate "2017.03.02"]
[SourceVersion "1"]
[SourceVersionDate "2017.03.02"]
[SourceQuality "1"]

1. d4 d5 2. c4 e6 3. Nc3 Nf6 4. cxd5 exd5 5. Bg5 Nbd7 6. e3 Bb4 7. Nf3 c5 8. Be2 Qa5 9. 0-0 Bxc3 10. bxc3 c4 11. Qc2 0-0 12. Nd2 Re8 13. Bf3 Ne4 14. Bxe4 dxe4 15. Bf4 Qd5 16. Rfb1 Qc6 17. a4 b6 18. Rb5 Ba6 19. Rg5 h6 20. Rg3 Kh8 21. f3 f5 22. fxe4 fxe4 23. Rf1 Bb7 24. Qd1 Qe6 25. Qh5 Rf8 26. Nxc4 Rxf4 27. Rxf4 Qxc4 28. Qg4 Rg8 29. Qxd7 Ba6 30. h3 1-0